000 00612nam a2200181Ia 4500
003 GCL
008 140319s9999 xx 000 0 ara d
040 _aGCL /
_cGCL
082 0 4 _a301.412
_bس م
100 1 _aسيد صديق عبدالفتاح
245 1 0 _aمعادن النساء وآراء المفكرين والادباء /
_cسيد صديق عبدالفتاح
250 _aالاولى
260 _aالقاهرة :
_bمركز الكتاب للنشر ،
_c2000
300 _a389 ص ؛
_c24 سم
650 0 4 _aالمرأة
650 0 4 _aالمرأة فى الحياة العامة
942 _2ddc
_cBK
999 _c5362
_d5362